zpět

Detail výsledku týmu

U Pásků, Kotvrdovice

Datum a čas kvízu

25 Celkem bodů Celkový počet nahraných bodů na tomto kvízu bez doplňovacích otázek.
5. Pořadí na kvízu Konečné umístění týmu na tomto kvízu.

Zaznamenané odpovědi

# Otázka Odpověď Body Výsledky
6. Zaměříme se na filmy, které v... Elvise Presleyho 0
7. O čem pojednává snímek Pod slu... B 0
8. Ve snímku Il Boemo, jenž získa... W. A. Mozarta 1
9. Emma Stone má vzhledem ke svém... Birdman 0
10. Film Cruella z roku 2021 získa... nejlepší kostýmy 1
6. Která tři slova křičí v českém... Jsem král světa! 1
7. Milada Ježková byla typickou n... Kulový blesk 1
8. Přiřaďte hlášky k filmům, ve k... 1A 2D 3C 4B 1
9. "STS Chvojkovice-Brod. Zřejmě... strojní a traktorová stanice 0
10. Ve filmu Deadpool z roku 2016... 127 hodin 1